000 nam a22 7a 4500
999 _c127565
_d127565
008 180301b xxu||||| |||| 00| 0 eng d
020 _a0521295408
050 _aGN486.H84 1975
100 _aHuntington, Richard
_939953
245 _aCelebrations of death
_bthe anthropology of mortuary ritual
_cRichard Huntington and Peter Metcalf
260 _aCambridge
_bCambridge University Press
_c1975
300 _axv, 230p. ;
_c23cm.
650 _aFuneral rites and customs
_939954
650 _aDeath
_939955
942 _2lcc
_cMONOGRAPH